header

The rights of spring (Record no. 135481)

MARC details
000 -LEADER
fixed length control field 01708nam a2200397 a 4500
082 04 - DEWEY DECIMAL CLASSIFICATION NUMBER
Classification number 341.4/8
100 1# - MAIN ENTRY--AUTHOR NAME
Personal name Kennedy, David,
245 14 - TITLE STATEMENT
Title The rights of spring
260 ## - PUBLICATION, DISTRIBUTION, ETC. (IMPRINT)
Place of publication Princeton, N. J. :
Name of publisher Princeton University Press,
Year of publication c2009.
300 ## - PHYSICAL DESCRIPTION
Number of Pages x, 105 p.
505 0# - FORMATTED CONTENTS NOTE
Formatted contents note Introduction -- Thinking ahead -- Crossing over -- Professional roles -- Direct examination : telling Ana's story -- Cross-examination : the doctor's tale -- The men of libertad -- Transition : preparing to act -- A moment of advocacy -- The aftermath.
650 #0 - SUBJECT ADDED ENTRY--TOPICAL TERM
Topical Term Human rights.
Topical Term Human rights advocacy.
Topical Term Human rights workers.
Topical Term Human rights
Topical Term Political prisoners
856 40 - ELECTRONIC LOCATION AND ACCESS
Uniform Resource Identifier http://site.ebrary.com/lib/rucke/Doc?id=10442046

No items available.

© 2026 Rongo University
Contact us: librarian | system librarian | Rongo university